BIBLIOTECA PODER JUDICIAL
Portal Judicial TDF

Principios fundamentales del procedimiento administrativo en la LNPA reformada según la Ley de Bases / (Registro nro. 6296)

000 -LEADER
fixed length control field 00992nabaa22002057a 4500
003 - CONTROL NUMBER IDENTIFIER
control field OSt
005 - DATE AND TIME OF LATEST TRANSACTION
control field 20260129015011.0
008 - FIXED-LENGTH DATA ELEMENTS--GENERAL INFORMATION
fixed length control field 190701b xxu||||| |||| 00| 0 spa d
040 ## - CATALOGING SOURCE
Transcribing agency PJ
100 ## - MAIN ENTRY--PERSONAL NAME
9 (RLIN) 3869
Personal name Canda, Fabián Omar
245 10 - TITLE STATEMENT
Title Principios fundamentales del procedimiento administrativo en la LNPA reformada según la Ley de Bases /
Remainder of title Fabián O. Canda.
300 ## - PHYSICAL DESCRIPTION
Extent p. 19-35
500 ## - GENERAL NOTE
General note Cita: TR LALEY AR/DOC/804/2025
505 ## - FORMATTED CONTENTS NOTE
Formatted contents note Sumario: I. Valores, principios y reglas.— II. Diseño de los principios fundamentales en la LNPA, reformada por ley 27.742.— III. Los principios fundamentales en particular.— IV. Conclusiones
505 ## - FORMATTED CONTENTS NOTE
Title ¿Te interesa el texto completo? Comunicate al correo: koha@justierradelfuego.gov.ar
650 #0 - SUBJECT ADDED ENTRY--TOPICAL TERM
9 (RLIN) 211
Topical term or geographic name as entry element DERECHO ADMINISTRATIVO
650 #0 - SUBJECT ADDED ENTRY--TOPICAL TERM
9 (RLIN) 1135
Topical term or geographic name as entry element PROCEDIMIENTO ADMINISTRATIVO
773 0# - HOST ITEM ENTRY
Host Biblionumber 2842
Host Itemnumber 3251
Place, publisher, and date of publication Buenos Aires : AbeledoPerrot, 2012-
Other item identifier DA121
Title Derecho administrativo. Nº 159 mayo/junio 2025
International Standard Book Number 18510590
942 ## - ADDED ENTRY ELEMENTS (KOHA)
Source of classification or shelving scheme
Koha item type Analítica Artículo de Revista

No hay ítems disponibles.

12 de Octubre 789 Ushuaia - Tel:  54(02901)441571
Horario de Atención: 8.00 a 17.00 hs. 
bibliotecaush@justierradelfuego.gov.ar
koha@justierradelfuego.gov.ar
Seguinos en nuestras redes @bibliojustdf 

Con tecnología Koha